|
|
|
|
| LEADER |
00000cas a2200000 a 4500 |
| 001 |
vtls008691192 |
| 003 |
SK-MaSNL |
| 005 |
20260228155906.0 |
| 008 |
200401d18641864xo er|p 0 b0slo |
| 040 |
|
|
|a SNK
|b slo
|c SNK
|e AACR2
|
| 041 |
0 |
|
|a slo
|
| 044 |
|
|
|a xo
|c SK
|
| 072 |
|
7 |
|a 2
|x Náboženstvo
|2 konspekt
|
| 072 |
|
7 |
|a 27-5
|x Liturgia. Kresťanské umenie a symbolika. Duchovný život
|2 konspekt
|
| 080 |
|
|
|a 050
|2 2001
|
| 080 |
|
|
|a 21/29-1/-9
|2 2001
|
| 080 |
|
|
|a 82-97
|2 2001
|
| 080 |
|
|
|a 27-584
|2 2001
|
| 080 |
|
|
|a 272/273
|2 2001
|
| 245 |
0 |
0 |
|a Wojtech
|b katolícke noviny pre obecný ľud : príloha "Cyrilla a Methoda"
|
| 260 |
|
|
|a Skalica
|b Andrej Radlinský
|c 1864-1864
|
| 300 |
|
|
|a 1 zv.
|c 29 cm
|
| 310 |
|
|
|a 2x mesačne
|b 4/1864-9/1864
|
| 321 |
|
|
|a 1x týždenne
|b 1/1864-3/1864
|
| 362 |
0 |
|
|a Č. 1 (1864)-č.9 (1864)
|
| 500 |
|
|
|a Zodp. red.: 1864, Andrej Radlinský
|
| 500 |
|
|
|a Tlač. Fr. X. Škarnicla Synov v Skalici
|
| 500 |
|
|
|a Vychádzal ako príloha Cyrilla a Methoda
|
| 500 |
|
|
|a Od sept. 1864 pokračoval s novým číslovaním ako časopis Wojtech
|
| 610 |
2 |
7 |
|a Katolícka cirkev
|2 SNKKA
|9 206702
|
| 650 |
0 |
7 |
|a náboženstvo
|2 SNKPH
|9 2023
|
| 650 |
0 |
7 |
|a cirkevný život
|2 SNKPH
|9 75120
|
| 655 |
|
7 |
|a náboženské časopisy
|2 SNKPH
|9 70790
|
| 700 |
1 |
|
|a Radlinský, Andrej Ľudovít,
|d 1817-1879
|4 lso
|9 108485
|
| 772 |
0 |
|
|t Cyrill a Method
|x 1337-1770
|w vtls010297434
|
| 785 |
0 |
0 |
|t Wojtech
|x 1337-2750
|w vtls001327625
|
| 910 |
|
|
|a snk
|
| 916 |
|
|
|a 1864
|
| 958 |
|
|
|a ONDV
|
| 999 |
|
|
|c 836
|d 836
|
| 952 |
|
|
|0 0
|1 0
|3 rekatalogizácia
|4 0
|7 0
|a SNK
|b SNK
|d 2006-04-18
|f 1
|i snk 457/32
|l 0
|o snkČSB 162/1864
|p 17A0504767
|r 2026-02-21 19:52:06
|t č. 1-9, neúplné
|w 2026-02-21
|y PREZ
|z Chýba č. 9
|